01395nam a2200373 a 4500001001200000003000800012006001900020007001500039008004100054010001700095015001900112016001800131020004300149020004000192020003800232020003500270040002100305035002100326050002400347082001400371245010600385260004300491300001500534500002300549504005100572533015200623650001000775650002300785655002900808700002400837710001700861856012600878999001701004ebr10256730CaPaEBRm u cr cn|||||||||080418s2008 mau sb 001 0 eng  z 2008017556 aGBA8A71552bnb7 z0147490882Uk z9780262062671 (hardcover : alk. paper) z0262062674 (hardcover : alk. paper) z9780262562317 (pbk. : alk. paper) z0262562316 (pbk. : alk. paper) aCaPaEBRcCaPaEBR a(OCoLC)30020539114aBF697b.P755 2008eb04a155.222200aPsychological agencyh[electronic resource] :btheory, practice, and culture /cedited by Roger Frie. aCambridge, Mass. :bMIT Press,cc2008. aix, 261 p. a"A Bradford book." aIncludes bibliographical references and index. aElectronic reproduction.bPalo Alto, Calif. :cebrary,d2013.nAvailable via World Wide Web.nAccess may be limited to ebrary affiliated libraries. 0aSelf. 0aAgent (Philosophy) 7aElectronic books.2local1 aFrie, Roger,d1965-2 aebrary, Inc.40uhttp://site.ebrary.com/lib/rucke/Doc?id=10256730zAn electronic book accessible through the World Wide Web; click to view c13363d13363